00604nam a2200169 i 450000100060000000300090000600500170001500700030003200800410003510000430007624500690011926000480018830000270023685200320026399900170029595201220031285735ES-MaACL20230906175309.0t|041201s1979 sp ||||1| spa d0 aJuan Pablo bII cPapa, Santo.916251310aEnseñanzas al pueblo de Dios b: 1978 / cJuan Pablo II, Papa. aMadrid, etc. : b[Edica], c1979 (fFareso) aXVI, 400 p. ; c24 cm. aES-MaACLjA-10559 bR.99736 c85735d85735 00104070aATENEOMbATENEOMcDEPO1d2008-01-17eSCl0oA-10559p1089585r2023-02-23 00:00:00w2023-02-23yMONOGRAFIA